GWS Giants Theme Song - Statistics

General Stats
  • This quiz has been taken 177 times
  • The average score is 65 of 76
Answer Stats
Answer % Correct
Giants
100%
Giants
100%
Giants
100%
The
100%
The
100%
The
100%
The
100%
The
100%
The
100%
The
100%
The
100%
The
100%
The
100%
The
100%
The
100%
The
100%
The
100%
The
100%
A
99%
Mighty
99%
We
99%
We
99%
West
99%
Big
98%
Big
98%
It's
98%
Of
98%
Of
98%
Sound
98%
Sound
98%
From
96%
Town
96%
There's
95%
Other
89%
Teams
89%
Are
88%
A-Shakin
88%
Ground
87%
Quaking
85%
In
84%
Well
82%
We'll
82%
Boots
81%
Before
80%
And
79%
And
79%
And
79%
Their
79%
We're
77%
We're
77%
We're
77%
We're
77%
Rest
76%
Rest
76%
Then
76%
Then
76%
Western
75%
Greater
74%
Greater
74%
Sydney
73%
End
72%
Feel
72%
Stronger
71%
Best
70%
Fight
70%
Biggest
69%
Highest
69%
Never
69%
Surrender
69%
Until
69%
Leap
68%
Will
68%
Longest
66%
Take
66%
You
64%
Strides
62%
No matching quizzes found
Score Distribution
Percent of People with Each Score
Percentile by Number Answered
Your Score History
You have not taken this quiz